ՀՀ Գիտությունների ազգային ակադեմիայի հիմնարար գիտական գրադարան  =   Fundamental Scientific Library of NAS RA

Масс-спектрометрия продуктов термодеструкции углей / (Record no. 174660)

MARC details
000 -LEADER
fixed length control field 00975nam a2200205 u 4500
001 - CONTROL NUMBER
control field 000476406
003 - CONTROL NUMBER IDENTIFIER
control field AM-YeHGA
005 - DATE AND TIME OF LATEST TRANSACTION
control field 20250617134010.0
008 - FIXED-LENGTH DATA ELEMENTS--GENERAL INFORMATION
fixed length control field 060222s1988 ||| r ||| 0 rus d
040 ## - CATALOGING SOURCE
Original cataloging agency AM-YeHGA
041 0# - LANGUAGE CODE
Language code of text/sound track or separate title rus
090 ## - LOCALLY ASSIGNED LC-TYPE CALL NUMBER (OCLC); LOCAL CALL NUMBER (RLIN)
-- 176102
100 1# - MAIN ENTRY--PERSONAL NAME
Personal name Бычев, Михаил Исаакович
245 10 - TITLE STATEMENT
Title Масс-спектрометрия продуктов термодеструкции углей /
Statement of responsibility, etc. М.И. Бычев; АН СССР, Сиб. отд-ние, Якут. фил., Ин-т горн. дела Севера.
260 ## - PUBLICATION, DISTRIBUTION, ETC.
Place of publication, distribution, etc. Якутск :
Name of publisher, distributor, etc. Якут. фил. СО АН СССР,
Date of publication, distribution, etc. 1988.
300 ## - PHYSICAL DESCRIPTION
Extent 142 с.
Other physical details [1] вкл. л. табл., ил.
504 ## - BIBLIOGRAPHY, ETC. NOTE
Bibliography, etc. note Библиогр. с. 138-141
653 0# - INDEX TERM--UNCONTROLLED
Uncontrolled term Угли - Деструкция термическая - Масс-спектрометрические исследования
710 2# - ADDED ENTRY--CORPORATE NAME
Corporate name or jurisdiction name as entry element Институт горного дела СО АН СССР
Subordinate unit Якутский филиал
Holdings
Withdrawn status Lost status Damaged status Not for loan Collection Home library Current library Date acquired Total checkouts Full call number Barcode Date last seen Price effective from Koha item type Public note
        General Fundamental Scientific Library Fundamental Scientific Library 28/12/2016   662.66:543.813 120610404 28/12/2016 28/12/2016 Գրքեր / Books 30 Days Loan
        General Fundamental Scientific Library Fundamental Scientific Library 28/12/2016   662.66:543.813 120610405 28/12/2016 28/12/2016 Գրքեր / Books 30 Days Loan


ՀՀ ԳԱԱ հիմնարար գիտական գրադարան
ՀՀ,Երևան 0019
Մարշալ Բաղրամյան 24/6
հեռախոս:(374-10) 52-47-50
Հետադարձ կապ

All site content, except where otherwise noted, is licensed under a
Creative Commons License